00349nam a2200133Ia 4500008004100000041000800041082001400049100001900063245004500082250001400127260003700141300003200178365000500210240624s9999 xx 000 0 und d aeng a658.5 HOP aHOPP WALLACE J aFACTORY PHYSICS FOUNDATIONS OF MANUFACTU a(2nd ed.) c2000aNew DelhibTata McGrawhill axxii, : 736 : p. : cm. ; 26 c